000 01175cac a2200349 i 4500
003 EG-ScBUE
005 20241027100629.0
008 150812t2007 njua f b 001 0 eng d
020 _a0132047675
020 _a9780132047678
040 _aEG-ScBUE
_beng
_erda
_cEG-ScBUE
_dEG-ScBUE
082 0 4 _a519.02462
_bPRO
_222
245 0 0 _aProbability & statistics for engineers & scientists /
_cRonald E. Walpole, Roanoke College, [and three others]
246 3 0 _aProbability and statistics for engineers and scientists
250 _aEighth edition.
250 _aInternational edition.
264 1 _aUpper Saddle River :
_bPrentice Hall,
_c[2007]
264 4 _cc2007
300 _a816 pages :
_billustrations ;
_c24 cm
336 _2rdacontent
_atext
_btxt
337 _aunmediated
_2rdamedia
_bn
338 _avolume
_bnc
_2rdacarrier
504 _aIncludes bibliographical references and index.
590 _adoaa mohamed
650 7 _aEngineering
_xStatistical methods.
_2BUEsh
650 7 _aProbabilities.
_2BUEsh
651 _2BUEsh
653 _bENGGEN
_cAugust2015
655 _vReading book
700 1 _aWalpole, Ronald E.,
_eauthor.
_99767
942 _cBB
_2ddc
999 _c5052
_d5052